00387nam a2200109Ia 4500008004100000082001700041245006900058260000600127365000600133630006900139730006900208100415s9999 xx 000 0 und d b16999a574.5 aDown to Earth: 018687 Vol. 5(JAN-JUNE), 1997: Vol. 5(4-15), 1996 c0 b0 aDown to Earth: 018687 Vol. 5(JAN-JUNE), 1997: Vol. 5(4-15), 1996 aDown to Earth: 018687 Vol. 5(JAN-JUNE), 1997: Vol. 5(4-15), 1996